Գործնական քերականութիւն արդի աշխարհաբարի : (Record no. 540605)
[ view plain ]
| 000 -LEADER | |
|---|---|
| fixed length control field | 01948nam a2200241 a 4500 |
| 003 - CONTROL NUMBER IDENTIFIER | |
| control field | AM-YEHGA |
| 005 - DATE AND TIME OF LATEST TRANSACTION | |
| control field | 20260413134005.0 |
| 008 - FIXED-LENGTH DATA ELEMENTS--GENERAL INFORMATION | |
| fixed length control field | 260209s1922 tu a||||r|||| 00||0 arm d |
| 040 ## - CATALOGING SOURCE | |
| Original cataloging agency | AM-YEHGA |
| 041 0# - LANGUAGE CODE | |
| Language code of text/sound track or separate title | arm |
| 100 1# - MAIN ENTRY--PERSONAL NAME | |
| Personal name | Ասատուր, Հրանտ, |
| Dates associated with a name | 1862-1928 |
| 9 (RLIN) | 2174 |
| 245 10 - TITLE STATEMENT | |
| Title | Գործնական քերականութիւն արդի աշխարհաբարի : |
| Remainder of title | Պատկերազարդ / |
| Statement of responsibility, etc. | Հ. և Զ. Ասատուր. |
| 250 ## - EDITION STATEMENT | |
| Edition statement | Զ տպագրութիւն (հիմնովին բարեփոխուած) |
| 260 ## - PUBLICATION, DISTRIBUTION, ETC. | |
| Place of publication, distribution, etc. | Կ. Պոլիս : |
| Name of publisher, distributor, etc. | Գրատուն Ա. Եազըճեան, |
| Date of publication, distribution, etc. | 1922. |
| 300 ## - PHYSICAL DESCRIPTION | |
| Extent | (6 գիրք մեկ կազմի մեջ ) ; գիրք ; |
| Dimensions | 18 սմ. |
| 500 ## - GENERAL NOTE | |
| General note | Ալիգ 3 |
| 501 ## - WITH NOTE | |
| With note | Մեկ կազմի մեջ՝ Տարերք բնագիտութեան / Ալիքսան Պէզճեան։ Կ. Պոլիս: Տպագրութիւն Օ. Արզուման։ 1912։ - Ալիգ 1 ; Գործնական քերականութիւն արդի աշխարհաբարի : Պատկերազարդ / Հ. և Զ․ Ասատուր։ Իսթանպուլ: Գրատուն Տիկ․ Ն․ - Ա. Եազըճեան։ 1939։ - Ալիգ 2 ; Համառօտ պատմութիւն ընդհանուր ազգաց : Բարձրագոյն դասընթացք (Ա. տարի) / Մ.Գ. Ծալեան: Կ. Պոլիս: տպ. Յ. Մատթէոսեան: 1905: - Ալիգ 4 ; Համառօտ պատմութիւն ընդհանուր ազգաց : Հին Յունաստան եւ միջին դար (Մաս Բ, Դ) / Մ.Գ. Ծալեան։ Կ. Պոլիս: տպ. Յ. Մատթէոսեան։ 1907․ |
| 505 10 - FORMATTED CONTENTS NOTE | |
| Miscellaneous information | Գիրք Բ (1922, 222, 1 չհամարակալած էջ : նկար, զարդանախշ) |
| 650 14 - SUBJECT ADDED ENTRY--TOPICAL TERM | |
| Topical term or geographic name entry element | Հայոց լեզու |
| General subdivision | Քերականություն |
| 9 (RLIN) | 4 |
| 700 0# - ADDED ENTRY--PERSONAL NAME | |
| Personal name | Սիպիլ, |
| Dates associated with a name | 1863-1934 |
| Relationship | aut |
| Fuller form of name | Ասատուր, Զապէլ Հ. |
| 856 41 - ELECTRONIC LOCATION AND ACCESS | |
| Uniform Resource Identifier | <a href="https://haygirk.nla.am/upload/1512-1940/1901-1940/gorcnakan_gerakanutyunB_1922.pdf">https://haygirk.nla.am/upload/1512-1940/1901-1940/gorcnakan_gerakanutyunB_1922.pdf</a> |
| Link text | Կարդալ առցանց |
| 942 ## - ADDED ENTRY ELEMENTS (KOHA) | |
| Source of classification or shelving scheme | Universal Decimal Classification |
| Koha item type | Գրքեր / Books |
| Suppress in OPAC | No |
| Withdrawn status | Lost status | Source of classification or shelving scheme | Damaged status | Not for loan | Collection | Home library | Current library | Date acquired | Serial enumeration / chronology | Inventory number | Total checkouts | Full call number | Barcode | Date last seen | Price effective from | Koha item type | Public note |
|---|---|---|---|---|---|---|---|---|---|---|---|---|---|---|---|---|---|
| Universal Decimal Classification | Postanjyan Individual Collection | Fundamental Scientific Library | Fundamental Scientific Library | 09/02/2026 | Ալիգ 3 | Պոսթ/21 | Պոսթ/19 | FL0702971 | 09/02/2026 | 09/02/2026 | Գրքեր / Books | ILL Non-Circ. |
ՀՀ Գիտությունների ազգային ակադեմիայի հիմնարար գիտական գրադարան = Fundamental Scientific Library of NAS RA
All site content, except where otherwise noted, is licensed under a